Sào Nam Phan Bội Châu (1867-1940): Con người và thi văn
Saved in:
| Main Author: | |
|---|---|
| Format: | Book |
| Language: | Undetermined |
| Published: |
Sài Gòn
Bộ VHGD và TN
1974
|
| Subjects: | |
| Tags: |
Add Tag
No Tags, Be the first to tag this record!
|
| Institutions: | Trung tâm Học liệu Trường Đại học Cần Thơ |
|---|
| LEADER | 00602nam a2200181Ia 4500 | ||
|---|---|---|---|
| 001 | CTU_10947 | ||
| 008 | 210402s9999 xx 000 0 und d | ||
| 082 | |a 959.703 | ||
| 082 | |b T450 | ||
| 100 | |a Nguyễn Quang Tô | ||
| 245 | 0 | |a Sào Nam Phan Bội Châu (1867-1940): Con người và thi văn | |
| 245 | 0 | |c Nguyễn Quang Tô, 1928 - 1997 | |
| 260 | |a Sài Gòn | ||
| 260 | |b Bộ VHGD và TN | ||
| 260 | |c 1974 | ||
| 650 | |a literature - 19th century,names, personal | ||
| 904 | |i Nguyễn Quang Điền, 961013 | ||
| 980 | |a Trung tâm Học liệu Trường Đại học Cần Thơ | ||